书目信息 |
| 题名: |
财务成本管理
|
|
| 作者: | 马会起 , 陈娟 主编 | |
| 分册: | ||
| 出版信息: | 北京 高等教育出版社 2015 |
|
| 页数: | 299页 | |
| 开本: | 26cm | |
| 丛书名: | ||
| 单 册: | ||
| 中图分类: | F275.3 | |
| 科图分类: | ||
| 主题词: | 企业管理--成本管理--高等职业教育--教材 | |
| 电子资源: | ||
| ISBN: | 978-7-04-041261-1 | |
| 000 | 00944nam0 2200253 450 | |
| 001 | 338757 | |
| 005 | 20150603152504.07 | |
| 010 | @a978-7-04-041261-1@dCNY33.90 | |
| 100 | @a20150309d2015 em y0chiy50 ea | |
| 101 | 0 | @achi |
| 102 | @aCN@b110000 | |
| 105 | @ay z 000yy | |
| 106 | @ar | |
| 200 | 1 | @a财务成本管理@Acai wu cheng ben guan li@f马会起, 陈娟主编 |
| 210 | @a北京@c高等教育出版社@d2015 | |
| 215 | @a299页@d26cm | |
| 300 | @a“十二五”职业教育国家规划教材 高等职业教育财务会计类专业“教学做”一体化系列教材 | |
| 330 | @a本书包括: 财务管理岗位认知、财务管理的基本观念、筹资管理、项目投资管理、证券投资管理、营运资金管理、利润分配管理、财务分析与评价、变动成本法及本量利分析、全面预算、标准成本管理等11个单元。 | |
| 606 | 0 | @a企业管理@x成本管理@x高等职业教育@j教材 |
| 690 | @aF275.3@v5 | |
| 701 | 0 | @a马会起@Ama hui qi@4主编 |
| 701 | 0 | @a陈娟@Achen juan@4主编 |
| 801 | 0 | @aCN@b卓展宏图@c20150525 |
| 905 | @dF275.3@e1221@f4 | |
| 财务成本管理/马会起, 陈娟主编.-北京:高等教育出版社,2015 |
| 299页;26cm |
| “十二五”职业教育国家规划教材 高等职业教育财务会计类专业“教学做”一体化系列教材 |
| ISBN 978-7-04-041261-1:CNY33.90 |
| 本书包括: 财务管理岗位认知、财务管理的基本观念、筹资管理、项目投资管理、证券投资管理、营运资金管理、利润分配管理、财务分析与评价、变动成本法及本量利分析、全面预算、标准成本管理等11个单元。 |
| ● |
| 相关链接 |
|
|
|
|
正题名:财务成本管理
索取号:F275.3/1221
 
预约/预借
| 序号 | 登录号 | 条形码 | 馆藏地/架位号 | 状态 | 备注 |
| 1 | 860403 | 208604036 | 第一样本阅览室/ [索取号:F275.3/1221] | 在馆 | |
| 2 | 860404 | 208604045 | 密集书库-海洋学院/ [索取号:F275.3/1221] | 在馆 | |
| 3 | 860405 | 208604054 | 第一借阅区/ [索取号:F275.3/1221] | 在馆 | |
| 4 | 860406 | 208604063 | 第一借阅区/ [索取号:F275.3/1221] | 在馆 |